|
|
|
|
| LEADER |
00000nam0a2200000 4500 |
| 001 |
63303 |
| 005 |
20231031064208.0 |
| 010 |
|
|
|a 5172700277
|
| 035 |
|
|
|a (RuTPU)RU\TPU\book\67190
|
| 090 |
|
|
|a 63303
|
| 100 |
|
|
|a 20040511d2004 km y0rusy50 ca
|
| 101 |
0 |
|
|a rus
|
| 102 |
|
|
|a RU
|
| 105 |
|
|
|a y z 001zy
|
| 200 |
1 |
|
|a Налоги на корпоративный стиль
|f Е. В. Орлова
|
| 210 |
|
|
|a Москва
|c НалогИнформ
|d 2004
|
| 215 |
|
|
|a 264 с.
|
| 320 |
|
|
|a Библиогр.: с. 262
|
| 610 |
1 |
|
|a экономика
|
| 610 |
1 |
|
|a маркетинг
|
| 610 |
1 |
|
|a корпорации
|
| 610 |
1 |
|
|a корпоративная культура
|
| 610 |
1 |
|
|a корпоративный стиль
|
| 610 |
1 |
|
|a товары
|
| 610 |
1 |
|
|a услуги
|
| 610 |
1 |
|
|a логотипы
|
| 610 |
1 |
|
|a товарные знаки
|
| 610 |
1 |
|
|a брэнды
|
| 610 |
1 |
|
|a торговые марки
|
| 610 |
1 |
|
|a доменные имена
|
| 610 |
1 |
|
|a Web-сайты
|
| 610 |
1 |
|
|a визитные карточки
|
| 610 |
1 |
|
|a фирмы
|
| 610 |
1 |
|
|a фирменные упаковки
|
| 610 |
1 |
|
|a фирменная одежда
|
| 610 |
1 |
|
|a выставки
|
| 610 |
1 |
|
|a дисконтные карты
|
| 610 |
1 |
|
|a офисы
|
| 610 |
1 |
|
|a дизайн
|
| 610 |
1 |
|
|a персонал
|
| 610 |
1 |
|
|a кадры
|
| 610 |
1 |
|
|a питание
|
| 610 |
1 |
|
|a аутсорсинг
|
| 610 |
1 |
|
|a налоги
|
| 610 |
1 |
|
|a бухгалтерский учет
|
| 686 |
|
|
|a У9(2)212.4
|v LBC/SL-A
|2 rubbk
|
| 700 |
|
1 |
|a Орлова
|b Е. В.
|g Елена Васильевна
|
| 801 |
|
1 |
|a RU
|b 63413507
|c 20040511
|g PSBO
|
| 801 |
|
2 |
|a RU
|b 63413507
|c 20120925
|g PSBO
|
| 900 |
|
|
|a Брэндинг
|
| 900 |
|
|
|a Экономика средств массовой информации
|
| 900 |
|
|
|a Корпоративная культура организации
|
| 900 |
|
|
|a Выставочная работа
|
| 942 |
|
|
|c BK
|